KOHA-Header-6

Leading Futures (Record no. 13090)

000 -LEADER
fixed length control field 00219nam a22001097a 4500
020 ## - INTERNATIONAL STANDARD BOOK NUMBER
ISBN 9789351502555
082 ## - DEWEY DECIMAL CLASSIFICATION NUMBER
Classification number 10194
245 ## - TITLE STATEMENT
Title Leading Futures
260 ## - PUBLICATION, DISTRIBUTION, ETC. (IMPRINT)
Place of publication India
Name of publisher Sage
Year of publication 2016
300 ## - PHYSICAL DESCRIPTION
Number of Pages 249 pages
942 ## - ADDED ENTRY ELEMENTS (KOHA)
Koha item type Books
Holdings
Withdrawn status Lost status Collection code Permanent Location Current Location Shelving location Date acquired Full call number Accession Number Koha item type
    Management MAJU MAJU   2021-05-25 371.2 10194 Management

Powered by Koha